Hacia una moderna economía de mercado: diez años de política económica 1973-1983
Saved in:
| Main Author: | |
|---|---|
| Other Authors: | |
| Format: | Book |
| Language: | Spanish |
| Published: |
Valparaíso
Universidad Federico Santa María
1983
|
| Subjects: | |
| Tags: |
Add Tag
No Tags, Be the first to tag this record!
|
MARC
| LEADER | 00000nam a2200000 a 4500 | ||
|---|---|---|---|
| 001 | UCX1511 | ||
| 003 | CL-VaPUC | ||
| 008 | 900907e19830000CL |||||||||||||||||spa|d | ||
| 082 | 0 | 4 | |a 330 |b IBA |2 21 |
| 100 | |a Ibáñez Ojeda, Pedro |e author |9 616437 | ||
| 700 | |a Lüders Schwarzenberg, Rolf J. |e autor |9 579210 | ||
| 245 | 1 | 0 | |a Hacia una moderna economía de mercado: diez años de política económica 1973-1983 |
| 300 | |a 73 p | ||
| 942 | |c BK | ||
| 945 | |d 19900907 00:00:00 | ||
| 260 | |a Valparaíso |b Universidad Federico Santa María |c 1983 | ||
| 650 | 0 | |a Política económica |9 255029 | |
| 651 | 7 | |a CHILE |2 CL-VaPUC |9 317010 | |
| 583 | |a last modification |c 19900907 00:00:00 |k Rodrigo Vera | ||
| 999 | |c 222721 |d 222719 | ||
| 952 | |0 0 |1 0 |4 0 |6 330_000000000000000_IBA_1983 |7 0 |8 A |9 217861 |a BIBHIS |b BIBHIS |d 2019-11-15 |i 2867206 |o 330 IBA 1983 |p 2867206 |r 2025-01-20 |w 2019-11-15 |y BK |k HIS | ||
| 952 | |0 0 |1 0 |4 0 |6 330_000000000000000_IBA_1983 |7 0 |8 A |9 217862 |a BIBENE |b BIBENE |d 2019-11-15 |i 1992724 |o 330 IBA 1983 |p 1992724 |r 2025-01-15 |w 2019-11-15 |y BK |k ICO | ||